Young and Old Quiz Stats

 Plays Quiz not verified by Sporcle

Challenge
Share
Tweet
Embed
Score 0/17 Timer 05:00
0 Plays Today
Hint Answer % Correct
Where the Village People hang outYoung Men's Christian Association
85.2%
Deodorant company which boasts 'Different Scents for Different Gents'Old Spice
76.9%
Part of the Bible featuring Abraham, Isaac, and JacobOld Testament
75%
1970s soap opera set in WisconsinThe Young and the Restless
58.3%
Mel Brooks comedy starring Gene WilderYoung Frankenstein
57.4%
1951 novella by Ernest HemingwayThe Old Man and the Sea
57.4%
Actor who portrays Commissioner Gordon and Sirius BlackGary Oldman
53.7%
Clothing line created in 1994 as a part of GAPOld Navy
49.1%
Alma Mater of former NFL QB and analyst Steve YoungBrigham Young University
44.4%
Hint Answer % Correct
1998 Disney film about a gorilla, starring Charlize TheronMighty Joe Young
39.8%
Rock and Roll Hall of Fame inductee (1995) nicknamed 'The Godfather of Grunge'Neil Young
37%
American rapper born Jay JenkinsYoung Jeezy
34.3%
Alma Mater of Tigers P Justin VerlanderOld Dominion University
28.7%
Song by Mott the Hoople, written by David BowieAll The Young Dudes
20.4%
Song from the 1927 musical ShowBoatOld Man River
17.6%
Former Tigers First Baseman and 2007 National League Comeback Player of the YearDmitri Young
13%
Gothic synagogue in PragueOld New Synagogue
4.6%

You're not logged in!

Compare scores with friends on all Sporcle quizzes.
Join for Free
OR
Log In

You Might Also Like...

Show Comments

Extras

Created Nov 27, 2009ReportFavoriteNominate
Tags:old, young

Top Quizzes Today


Score Distribution

Your Account Isn't Verified!

In order to create a playlist on Sporcle, you need to verify the email address you used during registration. Go to your Sporcle Settings to finish the process.

Report this User

Report this user for behavior that violates our Community Guidelines.

Details: